| 000 | 00545nam a22001577a 4500 | ||
|---|---|---|---|
| 003 | macl | ||
| 005 | 20191215131922.0 | ||
| 008 | 191215b xxu||||| |||| 00| 0 eng d | ||
| 040 | _cmacl | ||
| 082 | _a900 | ||
| 100 |
_aराय,धीरज कुमार _977551 |
||
| 245 | _aमध्यकालीन कला एवं संंस्कृति एक सर्वेक्षण | ||
| 260 |
_aदिल्ली _bप्रकाशन कुटीर _c2018 |
||
| 650 |
_aइतिहास _977552 |
||
| 942 |
_2ddc _cHIN |
||
| 999 |
_c61580 _d61580 |
||